000 00468nam a2200181Ia 4500
001 15440
003 IN-NITTTR
005 20251114233145.0
008 251113s9999||||xx |||||||||||||| ||eng||
040 _beng
040 _cIN-NITTTR
041 _aeng
082 _a004.6 S94C R
100 _aStuck, B. W.
245 2 _aA computer and communications network performance analysis primer. /
_cStuck, B. W., Arthurs, E.
700 _a Arthurs, E.
942 _2ddc
_cBK
999 _c18074
_d18074